Vzájomné pôsobenie medzi ekonomickým rastom a príjmovými nerovnosťami

Spôsoby ako môžu byť príjmové nerovnosti dobré alebo zlé pre ďalší ekonomický rast. Vzájomné pôsobenie medzi ekonomickým rastom a príjmovými nerovnosťami. Ciele a metódy projektu.

Salvato in:
Dettagli Bibliografici
Autore principale: Lábaj, Martin, 1982-
Natura: Capitolo di libro
Lingua:inglese
Soggetti:
Tags: Aggiungi Tag
Nessun Tag, puoi essere il primo ad aggiungerne!!

MARC

LEADER 00000nla a2200000 4500
001 0226707
005 20240502073732.9
041 0 |a eng 
044 |a SK 
245 1 0 |a Vzájomné pôsobenie medzi ekonomickým rastom a príjmovými nerovnosťami  |c Martin Lábaj 
520 |a Spôsoby ako môžu byť príjmové nerovnosti dobré alebo zlé pre ďalší ekonomický rast. Vzájomné pôsobenie medzi ekonomickým rastom a príjmovými nerovnosťami. Ciele a metódy projektu. 
610 2 0 |a politika hospodárska 
610 2 0 |a rast hospodársky 
610 2 0 |a procesy sociálno-ekonomické 
610 2 0 |a nerovnosť 
610 2 0 |a príjmy 
610 2 0 |a diferenciácia mzdová 
100 1 |a Lábaj, Martin, 1982-